000 00261nam a2200109Ia 4500
008 200302s9999 xx 000 0 und d
100 _aDavid Robson
245 _aAnjalendran Architect of sri lanka
260 _bTuttle Publishing
260 _c2009
300 _a240
999 _c7319
_d7319